| 000 | 00801nam a22002657a 4500 | ||
|---|---|---|---|
| 001 | BR7909167 | ||
| 003 | BR-BrBNA | ||
| 005 | 20230928090440.0 | ||
| 007 | ta | ||
| 008 | 230509b bl.||||| |||| 00| 0 por d | ||
| 040 |
_aBR-BrBNA _bpor _cBiblioteca Nacional de Agricultura |
||
| 041 | _a(Por) | ||
| 072 |
_aE30 _b/G514 |
||
| 090 | _ E30 BR7909167 | ||
| 100 | 1 | _aMelo Sobrinho, G.E. de | |
| 110 | 1 |
_aComissao Estadual de Planejamento Agricola do Piaui, Teresina (Brasil) _92040 |
|
| 245 | 1 | _aProjeto de reestruturacao da Companhia de Desenvolvimento Agricola do Piaui - CIDAPI [Brasil] | |
| 260 | 3 |
_aTeresina, PI (Brasil): _c1979. |
|
| 300 | _a35 p. | ||
| 500 | _a5 illus. | ||
| 650 | _aDESENVOLVIMENTO ECONOMICO | ||
| 650 | _aPIAUI | ||
| 909 |
_a202309 _bLucia _c55 _dLucia Elande |
||
| 942 | _cBK | ||
| 999 |
_c28883 _d28883 |
||